Faktory konkurenčnej schopnosti slovenského poľnohospodárstva

Faktory, ktoré podmieňujú konkurenčnú schopnosť agrárneho sektora po vstupe SR do EÚ. Analýza postavenia producentov na domácom i zahraničných trhoch, ktoré je podmienkou ich prosperity. Existuje nízka efektívnosť využívania zdrojov alokovaných v poľnohospodárstve a pomalá reakcia podnikov na trhové...

Ausführliche Beschreibung

Gespeichert in:
Bibliographische Detailangaben
1. Verfasser: Grznár, Miroslav
Weitere Verfasser: Szabo, Ľuboslav
Format: Buchkapitel
Sprache:Slowakisch
Schlagworte:
Tags: Tag hinzufügen
Keine Tags, Fügen Sie das erste Tag hinzu!

MARC

LEADER 00000naa$a2200000$$$4500
001 0128350
005 20240502072451.5
041 0 |a slo 
044 |a SK 
245 1 0 |a Faktory konkurenčnej schopnosti slovenského poľnohospodárstva  |c Miroslav Grznár, Ľuboslav Szabo 
520 |a Faktory, ktoré podmieňujú konkurenčnú schopnosť agrárneho sektora po vstupe SR do EÚ. Analýza postavenia producentov na domácom i zahraničných trhoch, ktoré je podmienkou ich prosperity. Existuje nízka efektívnosť využívania zdrojov alokovaných v poľnohospodárstve a pomalá reakcia podnikov na trhové signály. Nedostatky možno nájsť v manažmente nákladov a v nižších podporných prostriedkoch oproti pôvodným krajinám EÚ. 
610 2 0 |a poľnohospodárstvo 
610 2 0 |a podnik poľnohospodársky 
610 2 0 |a výroba poľnohospodárska 
610 2 0 |a intenzita výroby 
610 2 0 |a efektívnosť 
610 2 0 |a konkurencieschopnosť 
610 2 0 |a manažment 
610 2 0 |a náklady 
610 2 0 |a benchmarking 
610 2 0 |a Slovensko 
100 1 |a Grznár, Miroslav 
700 1 |a Szabo, Ľuboslav